| 000 | 01025cam a2200325 a 4500 | ||
|---|---|---|---|
| 001 | 200427781 | ||
| 003 | TR-AnTOB | ||
| 005 | 20260218165508.0 | ||
| 007 | ta | ||
| 008 | 150311s2013||||tu#|###|||###|||0|||tur|d | ||
| 009 | 00TUR0Y00PPL 201503112013ma | ||
| 020 | _a9786055497774 | ||
| 040 |
_aTR-AnTOB _beng _cTR-AnTOB _erda |
||
| 041 | 0 | _atur | |
| 050 | 1 |
_aPL234.Y475 _bD34 2013 |
|
| 090 |
_aPL234.Y475 _bD34 2013 |
||
| 100 | 1 |
_aYeşilyurt, Türkan, _d1967- _eauthor _9138276 |
|
| 245 | 1 | 0 |
_aDağlarca : _b''öyle aydınlık, öyle uzun, öyle yepyeni'' / _cTürkan Yeşilyurt. |
| 250 | _a1. bs. | ||
| 264 | 1 |
_aİstanbul : _bKomşu Yayınları, _c2013. |
|
| 300 | _a326 s. | ||
| 336 |
_atext _btxt _2rdacontent |
||
| 337 |
_aunmediated _bn _2rdamedia |
||
| 338 |
_avolume _bnc _2rdacarrier |
||
| 490 | 0 | _aKomşu yayınları ; 139. Yasakmeyve ; 99. İnceleme ; 4 | |
| 600 | 1 | 0 |
_aDağlarca, Fazıl Hüsnü, _d1914-2008 _97189 |
| 650 | 7 |
_aTürk şiiri _y20. yüzyıl _2etuturkob _942838 |
|
| 942 |
_2lcc _cBK |
||
| 999 |
_c200427781 _d45705 |
||